000 01517nam a2200457 i 4500
001 53117
003 ES-MaCES
005 20250203133003.0
008 240320s2021 sp 000 | spa d
017 _aV 1292-2021
_bDL
020 _a9788413789293
040 _aES-MaCES
_bspa
_cES-MaCES
041 0 _aita
100 1 _920749
_aPérez del Prado, Daniel
245 1 3 _aEl impacto social de la gobernanza económica europea
_cDaniel Pérez del Prado ; pr. de Mª Emilia Casas Baamonde
260 _aValencia
_bTirant lo Blanch
_c2021
300 _a276 p.
_c22 cm
490 1 _aTirant monografías. Alta calidad en investigación jurídica
504 _aBibliografía: p. 235-251
541 0 _cCompra
650 4 _aUE
_926752
650 4 _apolítica comunitaria
_930776
650 4 _apolítica económica
_927025
650 4 _apolítica presupuestaria
_930829
650 4 _acrisis económica
_927102
650 4 _aCovid-19
_939751
650 4 _aevaluación del impacto
_930732
650 4 _apolítica social
_927029
650 4 _aprotección social
_929076
650 4 _apolítica laboral
_928290
650 4 _apolítica de empleo
_928300
650 4 _acondiciones de trabajo
_928327
650 4 _aderecho del trabajo
_927165
650 4 _aEspaña
_926964
650 4 _apaís de la UE
_929020
653 1 0 _aRelaciones laborales-Empleo
700 1 _aCasas Baamonde, María Emilia
_99200
_ecol.
830 0 _aTirant monografías
_932480
902 _aLIB Libro
942 _2CES
_cBK
_h2.0.
999 _c53117
_d53117